000 01140cam a2200217 4500
001 WB4013-02
008 040330n2004 000 0 eng u
035 _a(Sirsi) u125672
245 _aBuilding boom?
260 _c2004
490 _aRICS Press Release
_v(pr033) 26 March 2004 (2)
520 _aThe "RICS construction market survey United Kingdom" for the first quarter 2004 shows signs that recovery in the UK is becoming more broad-based with the strongest growth for a decade in the construction industry. Construction workloads have risen at the fastest pace in survey's history, with growth being driven by accelerating commercial and industrial building activity. The outlook for workloads and employment is the strongest since the millennium boom. Available to view on the RICS website, http://www.rics.org/ricscms/bin/show?class=MarketS urvey&template=/includes/showmarketsurvey.html&id= 8.
590 _aWB
590 _aWB
650 _aCONSTRUCTION INDUSTRY
650 _aCONSTRUCTION MARKET SURVEY
650 _aCONSTRUCTION WORKLOAD
650 _aECONOMY
690 _aBUILDING AND CONSTRUCTION
942 _n0
999 _c117148
_d117148